Egy bak, aki a saját útját járja virágkötészet, agyagozás, festészet és jobb agyféltekés rajzolás – mi jöhet ezek után?

Bibliographic Details
Main Author: Gulyás, Zsuzsanna (Author, Interviewer)
Format: Article
Language:Hungarian
PhysicalDescription:Fotogr.
ISSN:1335-7050
Subjects:

MARC

LEADER 00000nab a2200000 ar4500
001 vtls010204844
003 SK-MaSNL
005 20260318140156.0
008 110119c20110105xo |||||||| 000 b|hun
015 |a SNBRB2011/01  |2 snkbucl 
038 |a SNKBUCL 
040 |a DSZK  |b slo  |c DSZK  |e AACR2 
041 0 |a hun 
044 |a xo  |c SK 
080 |a 745/749  |2 2001 
080 |a 379.83  |2 2001 
080 |a 929 Csollár, Petronella  |2 2001 
100 1 |a Gulyás, Zsuzsanna  |4 ivr  |4 aut  |9 1037193 
245 1 0 |a Egy bak, aki a saját útját járja  |b virágkötészet, agyagozás, festészet és jobb agyféltekés rajzolás – mi jöhet ezek után?  |c Gulyás Zsuzsanna 
300 |b Fotogr. 
600 1 7 |a Csollár, Petronella  |2 snkbucl  |9 444428 
610 2 7 |a Korava (občianske združenie : Kravany nad Dunajom, Slovensko)  |2 snkbucl  |9 101563 
650 0 7 |a remeselnícke tábory  |2 snkbucl  |9 847980 
773 0 |t Új szó  |g Évf. 64, sz. 3 (5.1.2011), o. 13  |x 1335-7050 
852 |a SNK  |b KIS3GCP 
852 |a DSZK  |b KIS3GCP 
958 |a HU 
958 |a SK 
999 |c 1816421  |d 1818351